| 000 | 00412nam a2200133Ia 4500 | ||
|---|---|---|---|
| 008 | 210210b1980 xxu||||| |||| 00| 0 eng d | ||
| 082 | _a333.3 BRAA | ||
| 100 | _aBRAVERMAN (Avishay). | ||
| 245 | _aAgrarian reforms in developing rural economics characterized by interlinked credit and tenancy markets. | ||
| 260 |
_aWashington _bWorld bank _c1980 |
||
| 300 | _a33 | ||
| 690 | _aLand Economics | ||
| 906 | _aSG02333 | ||
| 999 |
_c113488 _d113488 |
||